000 00516nam a2200169 i 4500
001 57504
003 ES-MaACL
005 20230906163606.0
007 t|
008 031016s1972 sp ||||1| spa d
100 1 _aDomingo Loren, Victoriano.
_945142
245 1 0 _aY dijo el ángel, no habrá más tiempo
_b: [20 vaticinios de San Malaquías] /
_cVictoriano Domingo Loren.
250 _a[1ª ed.].
260 _aBarcelona :
_b[Marte,
_c1972]
300 _a490 p. ;
_c20 cm.
852 _aES-MaACL
_jC-44804
_bR.81019
999 _c57504
_d57504